| 000 | 00445nam a2200181Ia 4500 | ||
|---|---|---|---|
| 001 | 309 | ||
| 005 | 20260306140508.0 | ||
| 008 | 260306t2022||||xx |||||||||||||| ||spa|| | ||
| 041 | _aESP | ||
| 082 |
_a070.48347 _bA18 |
||
| 100 |
_aAcevedo, Juan, _eAUT |
||
| 245 | 0 |
_aBárbara d'Achille : _bpionera en el periodismo ambiental |
|
| 260 | _c2022 | ||
| 300 |
_a63 páginas : _c24 cm. |
||
| 650 | _aGEN | ||
| 654 | _aCHU | ||
| 942 |
_cLIB _dJUS _fJUS _2ddc _n |
||
| 999 |
_c309 _d309 |
||